书目信息 |
| 题名: |
图解拔罐治病捷径
|
|
| 作者: | 邵水金 主编 | |
| 分册: | ||
| 出版信息: | 上海 上海科学技术文献出版社 2005.05 |
|
| 页数: | 259页 | |
| 开本: | 13cm | |
| 丛书名: | 图解治病捷径丛书 | |
| 单 册: | ||
| 中图分类: | R244.3-64 | |
| 科图分类: | ||
| 主题词: | 中医学:临床医学 | |
| 电子资源: | ||
| ISBN: | 7-5439-2498-6 | |
| 000 | 00672nam0 2200217 450 | |
| 001 | 0836073320 | |
| 005 | 20080624100220.53 | |
| 010 | @a7-5439-2498-6@dCNY10.00 | |
| 100 | @a20080624d2005 km y0chiy0120 ea | |
| 101 | 0 | @achi |
| 102 | @aCN@b310000 | |
| 200 | 1 | @a图解拔罐治病捷径@Atu jie ba guan zhi bing jie jing@f邵水金主编@Fshao shui jin zhu bian |
| 210 | @a上海@c上海科学技术文献出版社@d2005.05 | |
| 215 | @a259页@d13cm | |
| 225 | 2 | @a图解治病捷径丛书 |
| 410 | 0 | @12001 @a图解治病捷径丛书 |
| 606 | 0 | @a中医学:临床医学 |
| 690 | @aR244.3-64@v4 | |
| 701 | 0 | @a邵水金@Ashao shui jin@4主编 |
| 801 | 0 | @aCN@b山东省滨州职业学院图书馆@c20080624 |
| 905 | @aBZT@dR244.3-64@e1 | |
| 图解拔罐治病捷径/邵水金主编.-上海:上海科学技术文献出版社,2005.05 |
| 259页;13cm.-(图解治病捷径丛书) |
| ISBN 7-5439-2498-6:CNY10.00 |
| ● |
| 相关链接 |
|
|
|
正题名:图解拔罐治病捷径
索取号:R244.3-64/1
 
预约/预借
| 序号 | 登录号 | 条形码 | 馆藏地/架位号 | 状态 | 备注 |
| 1 | 685729 | 2000685729 | 中心书库中库/ 中库003架A面5列5层82/ [索取号:R244.3-64/1] | 在馆 |